| 000 | 00625nam a22001937a 4500 | ||
|---|---|---|---|
| 999 |
_c5104 _d5104 |
||
| 003 | AR-CdUCM | ||
| 008 | 190312b ||||| |||| 00| 0 spa d | ||
| 040 |
_aMUNICIPALIDAD PROVINCIAL DEL CUSCO _cBIBLIOTECA MUNICIPAL DEL CUSCO |
||
| 082 |
_a920 / _bF82 |
||
| 100 |
_aFranklin, Benjamín _915533 |
||
| 245 |
_aAutobiografía / _cBenjamín Franklin |
||
| 260 |
_aMéxico : _bNovaro-México, S.A., _c1963. |
||
| 300 |
_a221 páginas ; _c16 cm. |
||
| 650 |
_aBiografías _9148 |
||
| 650 |
_aBenjamín Franklin - Vida, obras _915534 |
||
| 700 |
_aCrane, Werner W. (Introducción) _915535 |
||
| 942 |
_2ddc _cLIBROS |
||
| 945 | _alccs | ||